| 000 | 00610nam a22001695i 4500 | ||
|---|---|---|---|
| 001 | 54102 | ||
| 003 | ES-MaACL | ||
| 005 | 20230906162909.0 | ||
| 007 | t| | ||
| 008 | 960715s1853 fr |||| | fre d | ||
| 100 | 1 |
_aFerrus, G. _950605 |
|
| 245 | 1 | 0 |
_aDe l'expatriation pénitentiaire _b: pour faire suite a l'ouvrage Des prisonniers, de l'emprisonnement et des prisons / _cpar G. Ferrus. |
| 260 |
_aParis : _bGermer Bailliére, _c1853 ( _eCorbeil : _ftyp. et stér. de Crété) |
||
| 300 |
_a[7], 204, [2] p. ; _c22 cm. |
||
| 650 |
_aExilio (Penas) _9167518 |
||
| 852 |
_aES-MaACL _jD-265 _z. - Donativo Lastres |
||
| 999 |
_c54102 _d54102 |
||